000
00328nam a2200145Ia 4500
008
230312s9999||||xx |||||||||||||| ||und||
020
_a
1-4027-5384-8
082
_a
720.19
_b
DAV-H
100
_a
Davitt;Keith
245
0
_a
Hardscaping
260
_b
Sterling
_a
UK
_c
2006
300
_a
255
650
_a
Architecture
942
_c
BK
999
_c
11772
_d
11772